| 000 | 01611nam a2200397 i 4500 | ||
|---|---|---|---|
| 001 | 25451 | ||
| 003 | FINmELB | ||
| 005 | 20241216215825.0 | ||
| 006 | m o u | ||
| 007 | cr cn||||||||| | ||
| 008 | 220830s2020 sp o 000 0 spa d | ||
| 017 |
_aM 21106-2020 _bOficina Depósito Legal Madrid |
||
| 020 |
_a9788430981069 _q(digital) |
||
| 020 |
_z9788430981014 _q(impreso) |
||
| 035 | _a(OCoLC)1342052153 | ||
| 040 |
_aFINmELB _bspa _erda _cFINmELB |
||
| 050 | 4 |
_aKKT1942 _b.A946 2020 |
|
| 080 | _a347.736(460) | ||
| 082 | 0 | 4 |
_a346 _223 |
| 100 | 1 |
_aAugoustatos Zarco, Nicolás, _edirector de la publicación, _eautor. |
|
| 245 | 1 | 0 |
_aCompendio de derecho concursal / _cNicolás Augoustatos Zarco (coordinador) ; autores, Nicolás Augoustatos Zarco, Manuel Dorado Muñoz, José Luis Luceño Oliva. |
| 264 | 1 |
_aMadrid : _bTecnos, _c[2020] |
|
| 264 | 4 | _c©2020 | |
| 300 | _a1 recurso en línea (261 páginas) | ||
| 336 |
_atexto _btxt _2rdacontent/spa |
||
| 337 |
_acomputadora _bc _2rdamedia/spa |
||
| 338 |
_arecurso en línea _bcr _2rdacarrier/spa |
||
| 588 | _aDescripción basada en metadatos suministrados por el editor y otras fuentes. | ||
| 590 | _aRecurso electrónico. Santa Fe, Arg.: elibro, 2022. Disponible vía World Wide Web. El acceso puede estar limitado para las bibliotecas afiliadas a elibro. | ||
| 650 | 4 |
_aDerecho concursal _zEspaña. |
|
| 655 | 4 | _aLibros electrónicos. | |
| 700 | 1 |
_aDorado Muñoz, Manuel, _eautor. |
|
| 700 | 1 |
_aLuceño Oliva, Jose luis, _eautor. |
|
| 797 | 2 | _aelibro, Corp. | |
| 856 | 4 | 0 | _uhttps://elibro.net/ereader/politecnicointernacional/216939 |
| 999 |
_c25451 _d25451 |
||